000 00612 a2200145 4500
082 _aBEE-2 OSA
100 _aM. Osama Virk
_993008
245 _aForecasting the impact of wide spread use of energy savers in the IESCO network of Pakistan
_cMuhammad Osama Virk & Saad Naeem
260 _aIslamabad :
_bNUST School of Electrical Engineering & Computer Science,
_c2009.
300 _a137 p. :
_bill. ;
_c27 cm +
_eCD-ROM
500 _aSupervisors : Ms Madeeha Owais, Mr.Hadeed Ahmed Sher
700 _aSaad Naeem
_993009
856 _uhttp://10.250.8.41:8080/xmlui/handle/123456789/10797
942 _cPR
_kBEE-2 OSA
_2ddc
999 _c10057
_d10057